| LEADER |
01003nam0a2200253 450 |
| 001 |
16830689 |
| 010 |
|
|
|a 978-2-330-00174-2
|b rel.
|d 12,5
|
| 100 |
|
|
|a 20130620d2026 u u0frey01 ba
|
| 101 |
0 |
|
|a fre
|
| 102 |
|
|
|a FR
|
| 200 |
0 |
|
|a Gaule romaine à petits pas (La)
|f Olivier Blin
|g illustrations de Benjamin Lefort
|
| 207 |
|
1 |
|a
|
| 210 |
|
|
|a Arles (Bouches-du-Rhône)
|c Actes Sud junior
|d DL 2012
|
| 215 |
|
|
|a 1 vol. (77 p.)
|c ill. en coul., couv. ill. en coul.
|d 25 cm
|
| 225 |
1 |
|
|a A petits pas
|
| 330 |
|
|
|a Une synthèse abordant l'invasion de la Gaule par Rome, ses conséquences sur l'urbanisation, la vie quotidienne et le développement de la province gauloise.
|
| 607 |
|
|
|a Gaule
|z 58 av. J.-C.-511
|
| 608 |
|
|
|a Gallo-Romains
|
| 676 |
|
|
|a 936.4
|
| 700 |
|
0 |
|a Blin
|b Olivier
|c archéologue
|f 1960-....
|4 70
|
| 702 |
|
0 |
|a Lefort
|b Benjamin
|4 440
|
| 900 |
|
|
|a Documentaire
|
| 901 |
|
|
|a Jeunesse
|
| 995 |
|
|
|a Médiathèque
|c Médiathèque
|f 089012654
|h 089012654
|k E 936.4 BLI
|o p
|q j
|r az
|e Médiathèque
|